Responses for Show #6515 - Friday, January 4, 2013

Ashok Poozhikunnel game 2.

Contestants

[<< previous game]

Alison Shapiro, a publicist from Santa Monica, California

Michele Myers Beuerlein, a research assistant from Cincinnati, Ohio

Ashok Poozhikunnel, an underwriter from Wheaton, Illinois (whose 1-day cash winnings total $21,600)

[next game >>]

Jeopardy! Round responses

NEWSPAPERS
AFRICAN CITIES
MEN'S HAIRSTYLES
FILMS BY SUBTITLE
HISTORICAL QUOTES
"CAT" OR "DOG"?
(Alex: Those three letters--those six letters, actually--will come up in each correct response; either/or.)
    $200 4
The Washington Post

Ashok
    $200 1
Cairo

Ashok
    $200 26
volts

Alison
    $200 22
Austin Powers

Ashok
    $200 9
the Bay of Pigs

Ashok
    $200 7
the category

Alison
    $400 18
San Francisco

Ashok
    $400 2
Cape Town

Alison
    $400 27
Louis XIV

Ashok
    $400 23
Dr. Strangelove

Michele
    $400 10
the Aztecs

Michele
    $400 8
doggerel

Michele
    $600 19
the Atlanta Journal-Constitution

Alison
    $400 3
Casablanca

Alison
    $600 28
Samson

Alison
    $600 15
Captain America

Ashok
    $600 14
Nixon

Michele
    $600 11
dog pile

Alison
    $800 20
The Wall Street Journal

Alison
    $800 5
(Alison: What is LIberia?)

Monrovia

AshokAlison
    $800 29
Mohawk

Michele
    $800 24
Talladega Nights

Alison
    $800 16
(Charles) de Gaulle

Ashok
    $800 12
dogmatically

Michele
    $1000 21
William Henry Harrison

Ashok
    $1000 6
Victoria

Ashok
    $1000 30
Prince Valiant

Alison
    $1000 25
Master and Commander

Ashok
    $1000 17
(Otto von) Bismarck

Ashok
    $1000 13
catastrophic

Ashok

Scores at the first commercial break (after clue 15):

Ashok Michele Alison
$4,000 $2,200 $800

Scores at the end of the Jeopardy! Round:

Ashok Michele Alison
$8,800 $3,400 $4,800

Double Jeopardy! Round responses

LET ME PREFACE THAT
(Alex: In that category we want you to identify the author whose preface we quote.)
COMPLETE DOME-INATION
(Alex: --not "domination"--)
POTPOURRI
(Alex: A little bit of everything.)
MUSICAL NUMBERS
I'M BURNIN' FOR YOU
10-LETTER WORDS
    $3,000 14
(James Fenimore) Cooper

Ashok
    $400 4
the Superdome

Alison
    $400 10
kangaroos

Michele
    $400 19
Two

Alison
    $400 16
Joan of Arc

Michele
    $400 21
(Alex: And the 10-letter word is [*].)

individual

Triple Stumper
    $800 15
(Henry) James

Ashok
    $1,000 5
(Alison: What is Milwaukee?)
(Alex: No, sorry, it's the state capital, [*].)

Madison

Alison
    $800 11
Roe v. Wade

Ashok
    $800 20
(Alison: What is Sixteen?)
...
(Alex: You missed it by three. "Hey [*]".)

Nineteen

Alison
Triple Stumper
    $800 17
Mary

Alison
    $800 22
a videophone

Triple Stumper
    $1200 1
(Alex: [*] is the author.)

Thomas Hardy

Alison
    $1200 6
the Dome of the Rock

Alison
    $1200 9
"Accidency"

Ashok
    $1200 23
(Ashok: [*]--what is [*]?)

5

Ashok
    $1200 18
(Michele: What is the Bible?)
(Alex: Be more specific.)
(Michele: What is the Bible in English?)
(Ashok: What is the translation of the Vulgate?)
(Alison: What is the King James Bible?)

the New Testament

AshokMicheleAlison
Triple Stumper
    $1200 25
a cloverleaf

Ashok
    $1600 2
Charles Dickens

Alison
    $1600 7
(the) Carrier (Corporation)

Ashok
    $1600 12
the Salvation Army

Alison
    $1600 24
911

Triple Stumper
    $1600 28
a heretic

Ashok
    $1600 26
a triggerman

Ashok
    $2000 3
(Michele: Who is Thomas More?)

Samuel Butler

Michele
Triple Stumper
    $2000 8
(Michele: POTPOURRI for $12,000, please.)
(Alex: $1,200.)
(Michele: $1,200, yeah.)

London

Michele
    $2000 13
(Alex: [*] is the house.)

Stuart

Ashok
    $2000 30
500

Michele
    $2000 29
the Knights Templar

Ashok
    $2000 27
ragamuffin

Triple Stumper

Scores at the end of the Double Jeopardy! Round:

Ashok Michele Alison
$24,600 $5,000 $9,000
(lock game)

[wagering suggestions for these scores]

Final Jeopardy! Round responses

IMAGINARY CHARACTERS
MicheleWho are the Seven Dwarves
$5,000
AlisonWho are the Seven Dwarves?
$3,999
AshokWho are the Munchkins?
$6,599
the Seven Dwarfs

Final scores:

Ashok Michele Alison
$18,001 $10,000 $12,999
2-day champion: $39,601 3rd place: $1,000 2nd place: $2,000

Game dynamics:

Coryat scores:

Ashok Michele Alison
$22,000 $5,000 $10,200
25 R
(including 1 DD),
1 W
10 R,
2 W
17 R
(including 1 DD),
4 W
(including 1 DD)

Combined Coryat: $37,200

[game clues] [game scores] [suggest correction]

Game tape date: 2012-09-19
The J! Archive is created by fans, for fans. Scraping, republication, monetization, and malicious use prohibited; this site may use cookies and collect identifying information. See terms. The Jeopardy! game show and all elements thereof, including but not limited to copyright and trademark thereto, are the property of Jeopardy Productions, Inc. and are protected under law. This website is not affiliated with, sponsored by, or operated by Jeopardy Productions, Inc. Join the discussion at JBoard.tv.